00665nam a22002057a 450000500170000001000150001702000260003203500140005803700090007208200110008110000250009224500510011725000060016826000250017427000450019930000210024494200250026599900190029095201500030920250220125230.0 aENG-143044 c200.00a9789382300991 aEN-126576 bDBAD a48021 aHossain, Akam978266 aA Study of English Philology/cby Akam Hossain a1 aKolkatabParulc2013 a8/3 Chitamoni Das Lane bKolkatae700009 a320p.c21cm(pb). 2ddccENh480mHOSe1 c209582d209582 001040708NFICaLbLd2025-02-20eDelivery of Books Act Divisiong200.00l0o480 HOSpEN-126576r2025-02-20 00:00:00t1v200.00w2025-02-20yEN